|
|
|
|
| LEADER |
00000cam a2200000 c 4500 |
| 001 |
477059015 |
| 003 |
DE-627 |
| 005 |
20251223205521.0 |
| 007 |
tu |
| 008 |
050112s2005 xxu||||| b 00| ||eng c |
| 016 |
7 |
|
|a 013148374
|2 UK
|
| 020 |
|
|
|a 1591472555
|c hardcover
|9 1-59147-255-5
|
| 020 |
|
|
|a 1591472555
|9 1-59147-255-5
|
| 024 |
3 |
|
|a 9781591472551
|
| 024 |
8 |
|
|a 2005000158
|q Identnummer
|
| 035 |
|
|
|a (DE-627)477059015
|
| 035 |
|
|
|a (DE-576)12052435X
|
| 035 |
|
|
|a (DE-599)GBV477059015
|
| 035 |
|
|
|a (OCoLC)727985276
|
| 040 |
|
|
|a DE-627
|b ger
|c DE-627
|e rakwb
|
| 041 |
|
|
|a eng
|
| 044 |
|
|
|c XD-US
|
| 050 |
|
0 |
|a KF385
|
| 082 |
0 |
|
|a 349.73/01/9
|q OCLC
|
| 082 |
0 |
|
|a 349.73019
|
| 084 |
|
|
|a 2
|2 ssgn
|
| 084 |
|
|
|a 86.05
|2 bkl
|
| 100 |
1 |
|
|a English, Peter W.
|4 aut
|
| 245 |
1 |
0 |
|a More than the law
|b behavioral and social facts in legal decision making
|c Peter W. English, Bruce D. Sales
|
| 250 |
|
|
|a 1. ed.
|
| 263 |
|
|
|a hbk.. - : £49.50
|
| 264 |
|
1 |
|a Washington, DC [u.a.]
|b American Psychological Association
|c c 2005
|
| 300 |
|
|
|a XI, 272 S
|c 27 cm
|
| 336 |
|
|
|a Text
|b txt
|2 rdacontent
|
| 337 |
|
|
|a ohne Hilfsmittel zu benutzen
|b n
|2 rdamedia
|
| 338 |
|
|
|a Band
|b nc
|2 rdacarrier
|
| 490 |
0 |
|
|a The law and public policy
|a psychology and the social sciences, legal studies
|
| 500 |
|
|
|a Includes bibliographical references and index
|
| 583 |
1 |
|
|a Archivierung prüfen
|c 20200919
|f DE-640
|z 1
|2 pdager
|
| 650 |
|
0 |
|a Law
|x Psychological aspects
|x United States
|
| 655 |
|
7 |
|a Bibliografie
|0 (DE-588)4006432-3
|0 (DE-627)104814519
|0 (DE-576)208865578
|2 gnd-content
|
| 689 |
0 |
0 |
|d g
|0 (DE-588)4078704-7
|0 (DE-627)106076612
|0 (DE-576)209209682
|a USA
|2 gnd
|
| 689 |
0 |
1 |
|d s
|0 (DE-588)4177258-1
|0 (DE-627)105349917
|0 (DE-576)209976306
|a Rechtspsychologie
|2 gnd
|
| 689 |
0 |
2 |
|d s
|0 (DE-588)4048837-8
|0 (DE-627)104814330
|0 (DE-576)209079452
|a Rechtssoziologie
|2 gnd
|
| 689 |
0 |
|
|5 (DE-627)
|
| 700 |
1 |
|
|a Sales, Bruce Dennis
|0 (DE-588)135536413
|0 (DE-627)693564695
|0 (DE-576)162845111
|4 aut
|
| 856 |
4 |
2 |
|u http://www.gbv.de/dms/sbb-berlin/477059015.pdf
|m V:DE-601
|m B:DE-1
|q pdf/application
|x Verlag
|y Inhaltsverzeichnis
|3 Inhaltsverzeichnis
|7 1
|
| 935 |
|
|
|a mkri
|
| 935 |
|
|
|i Blocktest
|
| 936 |
b |
k |
|a 86.05
|j Rechtssoziologie
|j Rechtspsychologie
|0 (DE-627)106413457
|
| 951 |
|
|
|a BO
|
| ELC |
|
|
|b 1
|
| LOK |
|
|
|0 000 xxxxxcx a22 zn 4500
|
| LOK |
|
|
|0 001 322892341X
|
| LOK |
|
|
|0 003 DE-627
|
| LOK |
|
|
|0 004 477059015
|
| LOK |
|
|
|0 005 20080403111016
|
| LOK |
|
|
|0 008 050920||||||||||||||||ger|||||||
|
| LOK |
|
|
|0 040
|a DE-Frei85
|c DE-627
|d DE-Frei85
|
| LOK |
|
|
|0 852
|a DE-Frei85
|
| LOK |
|
|
|0 852 1
|m p
|9 00
|
| LOK |
|
|
|0 938
|k p
|
| LOK |
|
|
|0 939
|a 20-09-05
|b l01
|
| ORI |
|
|
|a SA-MARC-krimdoka001.raw
|